THE ALL ENGLAND LAW REPORTS 2009 (Record no. 216268)

MARC details
000 -LEADER
fixed length control field 00466nam a22001457a 4500
008 - FIXED-LENGTH DATA ELEMENTS--GENERAL INFORMATION
fixed length control field 251124b |||||||| |||| 00| 0 eng d
022 ## - INTERNATIONAL STANDARD SERIAL NUMBER
International Standard Serial Number 978-81-8038-879-8
100 ## - MAIN ENTRY--PERSONAL NAME
Personal name WIDDICOMBE
245 ## - TITLE STATEMENT
Title THE ALL ENGLAND LAW REPORTS 2009
260 ## - PUBLICATION, DISTRIBUTION, ETC.
Place of publication, distribution, etc. LONDON
Name of publisher, distributor, etc. LEXISNEXIS
Date of publication, distribution, etc. 2009
300 ## - PHYSICAL DESCRIPTION
Extent XX, 1130P.
650 ## - SUBJECT ADDED ENTRY
Topical term or geographic name entry element 1. LAW REPORTS, DIGESTS ETC- ENGLAND AND WALES 2.LAW- ENGLAND AND WALES -CASES 3. COURTS -ENGLAND AND WALES
942 ## - ADDED ENTRY ELEMENTS (KOHA)
Source of classification or shelving scheme Library of Congress Classification
Koha item type Reference
Holdings
Withdrawn status Lost status Source of classification or shelving scheme Damaged status Not for loan Collection Home library Current library Shelving location Date acquired Inventory number Total checkouts Full call number Barcode Date last seen Copy number Price effective from Koha item type
    Library of Congress Classification     Law Kisii University Library Kisii University Library On Display 11/24/2025 11074   KD 288 .A45 2009 V.3 000000001803 11/24/2025 C.4 11/24/2025 Reference
    Library of Congress Classification     Law Kisii University Library Kisii University Library On Display 11/24/2025 11071   KD 288 .A45 2009 V.3 000000001804 11/24/2025 C.1 11/24/2025 Reference
    Library of Congress Classification     Law Kisii University Library Kisii University Library On Display 11/24/2025 11072   KD 288 .A45 2009 V.3 000000002085 11/24/2025 C.2 11/24/2025 Reference
    Library of Congress Classification     Law Kisii University Library Kisii University Library On Display 11/24/2025 11073   KD 288 .A45 2009 V.3 000000002086 11/24/2025 C.3 11/24/2025 Reference